| 000 | 00648cab a2200205 4500 | ||
|---|---|---|---|
| 001 | WB3042-70 | ||
| 008 | 090401t1994 xxu||||| |||| 00| 0 eng d | ||
| 035 | _a(Sirsi) u80276 | ||
| 041 | _aeng | ||
| 245 | _aNegligence U turn | ||
| 260 | _c1994 | ||
| 350 | _a0 | ||
| 490 |
_aEstates Gazette _v(9444) 5 November 1994, 236(1) |
||
| 520 | _aDiscusses "Spring v Guardian Assurance plc" (1994 3 All ER 129) and the circumstances under which one person owes a legal duty of care to avoid causing loss to another. | ||
| 650 | _aDUTY OF CARE | ||
| 650 | _aLAUTRO RULES | ||
| 690 | _aPROPERTY LAW AND PRACTICE | ||
| 942 | _n0 | ||
| 948 | _c04/03/1997 | ||
| 999 |
_c50541 _d50541 |
||